000 00673nam a2200265Ia 4500
005 20260302114200.0
008 008 260114s9999 xx 000 0 eng d
020 _a9781666993394
037 _aTextbook
040 _aCRL
040 _beng
040 _cCRL
041 _2eng
041 _aeng
084 _qCRL
100 _aDevonya N. Havis
_91118005
245 0 _aCreating a Black Vernacular Philosophy
260 _bBloomsbury
260 _bLexington Books
260 _c2022
650 _aPhilosophy
856 _uhttps://doi.org/10.5040/9781666993394?locatt=label:secondary_bloomsburyCollections
942 _cEBOOK
999 _c1681632
_d1681632